000 00940nam0a22002651 4500
001 rc\968446
005 20041129100732.7
035 _a(NLR Aleph) 006137569
090 _a5627110
_c5627110
100 _a20041129d1982 u |0rusy50 ca
101 0 _arus
102 _aRU
105 _ay |||||||||
200 1 _aГеноцид армян в Османской империи
_eСб. документов и материалов
_f[Сост. М.Г. Нерсисян, Р.Г. Саакян
_gПод ред. М.Г. Нерсисяна]
205 _a2-е изд., доп.
210 _aЕреван
_cАйастан
_d1982
215 _aXVI, 685 с.
_d20
300 _aРез. на англ. яз.
320 _aБиблиогр.: с. 618-653
702 1 _aНерсисян
_bМ. Г.
_f1910-
_gМкртич Гегамович
_4220
801 0 _aRU
_bNLR
_gpsbo
801 1 _aRU
_bELAR
_2rusmarc
852 _aNLR
_j83-3/3957
942 _cBOOK
980 _aNB